Language Quiz

Random Language or Letter Quiz
Score 0/10 Timer 02:00
0 Plays Today
Clue F-Word % Correct
Symbol to represent loud, in musicf
100%
Abbreviation for 12 inchesft.
98.1%
A dining implement with tinesfork
93.1%
A brotherhood of members, usually named with Greek lettersfraternity
84.9%
Characteristic of or appropriate for womenfeminine
80.8%
Abbreviation or initialism meaning that it's just additional knowledge being sharedFYI
61.9%
A narrow opening or crack of considerable depth and lengthfissure
57.9%
A flat side of a gemstonefacet
52.8%
A usually parasitic spore-producing eukaryote lacking chlorophyllfungus
48.2%
A long appendage on a microorganism used for propulsionflagellum
29.9%
Remove Ads.
Support Sporcle.
Get the best of Sporcle when you Go Orange. This ad-free experience offers more features, more stats, and more fun while also helping to support Sporcle. Thank you for becoming a member.

You're not logged in!

Compare scores with friends on all Sporcle quizzes.
OR
Log In

Sporcle TV

Today on Sporcle TV


Watch our educational content, quiz creation guides, and fun videos on Sporcle TV.

Show Comments

Extras

Top Quizzes Today


Score Distribution

Paid Content

Your Account Isn't Verified!

In order to create a playlist on Sporcle, you need to verify the email address you used during registration. Go to your Sporcle Settings to finish the process.

Report this User

Report this user for behavior that violates our Community Guidelines.

Details: